Слово руководителям среднего звена (Запись № 5707109)

Подробности
000 -МАРКЕР
контрольное поле 02394nam0a22003611 4500
001 - ИДЕНТИФИКАТОР ЗАПИСИ
контрольное поле 2562897
005 - ИДЕНТИФИКАТОР ВЕРСИИ
контрольное поле 20260408002232.0
021 ## - НОМЕР ГОСУДАРСТВЕННОЙ РЕГИСТРАЦИИ
Код страны российская федерация
Номер 79-42245
035 ## - ДРУГИЕ СИСТЕМНЫЕ НОМЕРА
Идентификатор записи (NLR Aleph) 006447818
100 ## - ДАННЫЕ ОБЩЕЙ ОБРАБОТКИ
Данные общей обработки 20110316d1979 u y0rusy50 ca
101 0# - ЯЗЫК РЕСУРСА
Язык текста, звукозаписи и т.д. русский
102 ## - СТРАНА ПУБЛИКАЦИИ ИЛИ ПРОИЗВОДСТВА
Страна публикации российская федерация
105 ## - ПОЛЕ КОДИРОВАННЫХ ДАННЫХ: ТЕКСТОВЫЕ МАТЕРИАЛЫ, МОНОГРАФИЧЕСКИЕ
Кодированные данные о монографическом текстовом документе y z |||||
200 1# - ЗАГЛАВИЕ И СВЕДЕНИЯ ОБ ОТВЕТСТВЕННОСТИ
Основное заглавие Слово руководителям среднего звена
Первые сведения об ответственности Подгот. Отд. пропаганды и агитации Новосиб. обкома КПСС
210 ## - ПУБЛИКАЦИЯ, РАСПРОСТРАНЕНИЕ И ДР.
Место издания, распространения и т.д. Новосибирск
Имя издателя, распространителя и т. д. Зап.-Сиб. кн. изд-во
Дата издания, распространения и т.д. 1979
215 ## - ФИЗИЧЕСКАЯ ХАРАКТЕРИСТИКА
Специфическое обозначение материала и объем 5 отд. бр. в обертке
Размеры 17
225 1# - СЕРИЯ
Основное заглавие серии Школа мастерства
327 1# - ПРИМЕЧАНИЯ О СОДЕРЖАНИИ
Текст примечания Содерж.: [1]. Поперлюк В.И. Ипатовский метод - в действии; [2]. Семенова Р.П. К пятитысячному рубежу; [3]. Меркулова О.А. На промышленной основе; [4]. Лобес Д.Д. Укрепляем кормовую базу; [5]. Кнышенко И.Р. Щедрость земли в наших руках
464 #0 - АНАЛИТИЧЕСКИЙ УРОВЕНЬ
Встроенное поле 2001#$aНа промышленной основе
-- 700#1$aМеркулова$bО.А.
Заглавие На промышленной основе
Автор Меркулова, О.А.
464 #0 - АНАЛИТИЧЕСКИЙ УРОВЕНЬ
Встроенное поле 2001#$aУкрепляем кормовую базу
-- 700#1$aЛобес$bД.Д.
Заглавие Укрепляем кормовую базу
Автор Лобес, Д.Д.
464 #0 - АНАЛИТИЧЕСКИЙ УРОВЕНЬ
Встроенное поле 2001#$aК пятитысячному рубежу
-- 700#1$aСеменова$bР.П.
Заглавие К пятитысячному рубежу
Автор Семенова, Р.П.
464 #0 - АНАЛИТИЧЕСКИЙ УРОВЕНЬ
Встроенное поле 2001#$aЩедрость земли в наших руках
-- 700#1$aКнышенко$bИ.Р.
Заглавие Щедрость земли в наших руках
Автор Кнышенко, И.Р.
464 #0 - АНАЛИТИЧЕСКИЙ УРОВЕНЬ
Встроенное поле 2001#$aИпатовский метод - в действии
-- 700#1$aПоперлюк$bВ.И.
Заглавие Ипатовский метод - в действии
Автор Поперлюк, В.И.
686 ## - ИНДЕКСЫ ДРУГИХ КЛАССИФИКАЦИЙ
Индекс У9(2Р53)320-643.4,0
Код системы
686 ## - ИНДЕКСЫ ДРУГИХ КЛАССИФИКАЦИЙ
Индекс У9(2)320-643.4,0
Код системы
712 02 - НАИМЕНОВАНИЕ ОРГАНИЗАЦИИ - ВТОРИЧНАЯ ОТВЕТСТВЕННОСТЬ
Начальный элемент ввода КПСС
Структурное подразделение Новосибирский областной комитет
-- Отдел пропаганды и агитации
Идентификатор авторитетной/нормативной записи RU\NLR\AUTH\8810166627
Системный номер авторитетной/нормативной записи 829175
801 #0 - ИСТОЧНИК ЗАПИСИ
Страна российская федерация
Организация NLR
Правила каталогизации psbo
801 #1 - ИСТОЧНИК ЗАПИСИ
Страна российская федерация
Организация ELAR
Источник данных rusmarc
852 ## - МЕСТОНАХОЖДЕНИЕ И ШИФР ХРАНЕНИЯ
Идентификатор организации NLR
Шифр хранения (Call Number) Desideratum
899 ## - ДАННЫЕ О МЕСТОНАХОЖДЕНИИ (устаревшее)
Местонахождение RuMoRGB
Шифр хранения M 79-1/311
942 ## - ДОПОЛНИТЕЛЬНЫЕ ЭЛЕМЕНТЫ ЗАПИСИ (АБИС)
Тип экземпляра АБИС Книга
980 ## - КОЛЛЕКЦИЯ
Название коллекции Национальная библиография
Экземпляры
Тип экземпляра Дата поступления Библиотека постоянного хранения Библиотека текущего хранения Место хранения Шифр хранения Штрих-код Статус не для выдачи
Книга 26.10.2013 РНБ (Московский) РНБ (Московский) Русский книжный фонд , подручный Desideratum 6447818-10